| 000 | 00713nam a22001937a 4500 | ||
|---|---|---|---|
| 999 |
_c9296 _d9296 |
||
| 003 | AR-CdUCM | ||
| 008 | 190327b ||||| |||| 00| 0 spa d | ||
| 040 |
_aMUNICIPALIDAD PROVINCIAL DEL CUSCO _cBIBLIOTECA MUNICIPAL DEL CUSCO |
||
| 082 |
_211ed. _a869.79 / _bR54 |
||
| 100 |
_aRichard, Pierre _925402 |
||
| 245 | _aBeaumarchis le mariage de figaro comedie II / | ||
| 260 |
_aFrancia : _bLarousse, |
||
| 300 |
_a83 paginas ; _c17 cm. |
||
| 505 | _aContenido : Troisiéme acte -- Quatriéme acte -- Cinquiéme acte -- Jugements sur le Mariage de Fiagaro -- Questions sur le troisiéme acte... | ||
| 650 |
_aLiteratura Francesa _9614 |
||
| 650 |
_aEnsayos europeos _925403 |
||
| 942 |
_2ddc _cLIBROS |
||
| 945 | _awnts | ||